Catálogo público

Evaporación : manual del trabajador etapa intensiva y extensiva / (Record no. 174481)

MARC details
000 -CABECERA
campo de control de longitud fija 00834nam a2200241Ia 4500
001 - NÚMERO DE CONTROL
campo de control dia_3874
003 - IDENTIFICADOR DEL NÚMERO DE CONTROL
campo de control CHAP
005 - FECHA Y HORA DE LA ÚLTIMA TRANSACCIÓN
campo de control 20251029154006.0
008 - DATOS DE LONGITUD FIJA--INFORMACIÓN GENERAL
campo de control de longitud fija 220117s1999 xx 000 0 und d
010 ## - NÚMERO DE CONTROL DE LA BIBLIOTECA DEL CONGRESO
Número de control de LC 174481
040 ## - FUENTE DE LA CATALOGACIÓN
Centro/agencia transcriptor CHAP
Centro catalogador/agencia de origen mxchpua
090 ## - LOCALMENTE ASIGNADO TIPO-LC NÚMERO DE CLASIFICACIÓN (OCLC); NÚMERO DE CLASIFICACIÓN LOCAL (RLIN)
Número de clasificación (OCLC) (R) ; Numero de clasificación, CALL (RLIN) (NR) FOLLETO 2611
100 ## - ENTRADA PRINCIPAL--NOMBRE DE PERSONA
Nombre de persona Valle Guadarrama, Salvador
9 (RLIN) 117597
245 ## - MENCIÓN DE TÍTULO
Título Evaporación : manual del trabajador etapa intensiva y extensiva /
Mención de responsabilidad, etc. Salvador Valle Guadarrama
300 ## - DESCRIPCIÓN FÍSICA
Extensión 133 p.
500 ## - NOTA GENERAL
Nota general D. \(Colección Conocer) \La biblioteca tiene etapa extensiva a y b
650 #3 - PUNTO DE ACCESO ADICIONAL DE MATERIA--TÉRMINO DE MATERIA
Término de materia o nombre geográfico como elemento de entrada Industria azucarera
9 (RLIN) 57780
942 ## - ELEMENTOS DE PUNTO DE ACCESO ADICIONAL (KOHA)
Tipo de ítem Koha Folleto
Fuente del sistema de clasificación o colocación local
260 ## - PUBLICACIÓN, DISTRIBUCIÓN, ETC.
Lugar de publicación, distribución, etc. México :
Nombre del editor, distribuidor, etc. Consejo de Normalización y Certificación de Competencia Laboral (Conocer),
Fecha de publicación, distribución, etc. 1999
901 ## - ELEMENTOS DE DATOS A LOCAL LDA (RLIN)
a FOLLETO 2611
902 ## - ELEMENTOS DE DATOS B LOCAL, LDB (RLIN)
a M
905 ## - ELEMENTOS DE DATOS E LOCAL, LDE (RLIN)
a 0000001999 mx 0000000000spa00
Holdings
Estado de retiro Estado de pérdida Fuente del sistema de clasificación o colocación Estado dañado Restricciones de uso No para préstamo Código de colección Localización permanente Ubicación/localización actual Fecha de adquisición Total de préstamos Signatura topográfica completa Código de barras Fecha visto por última vez Número de copia Precio válido a partir de Tipo de ítem Koha
    Clasificación Universidad Autónoma de Chapingo   Préstamo interno   Folletos Ingenieria Agroindustrial Ingenieria Agroindustrial 18/01/2022   FOLLETO 2611 dia_FOLLETO 2611 18/01/2022 1 18/01/2022 Folleto